00790 a2200193 45000010006000000050017000060080041000230030015000640400040000790800087001192450044002062640034002503000018002845050196003021000023004987000023005217000033005447000019005773096820260407155618.0260407a1975 arg spa dAR-UNSa-BCEJYS aAR-UNSa-BCEJYSbspacAR-UNSa-BCEJYS a657.31xPresupuestos. Previsiones. Planes financieros. Estado de flujo de efectivo10aEl estado de activo y pasivo financiero 1aBuenos Aires :bDepalmac1975 a82 p.c22 cm. a1. Antecedentes legales - 2. Normas dictadas por la Contaduría General de la Nación - 3. Encuadre técnico - 4. Análisis técnico - 5. Consideraciones finales - 6. Casos prácticos 1 aCesario, Miguel V.1 aEspino, Rubén H.1 aMartinelli Massa, Jesús J.1 aRusso, Juan A.